Governance without Government : (Record no. 14058)
[ view plain ]
| 000 -LEADER | |
|---|---|
| fixed length control field | 01463pam a2200313 a 4500 |
| 001 - CONTROL NUMBER | |
| control field | 598069 |
| 005 - DATE AND TIME OF LATEST TRANSACTION | |
| control field | 20020824204415.0 |
| 008 - FIXED-LENGTH DATA ELEMENTS--GENERAL INFORMATION | |
| fixed length control field | 910607s1992 enk |rb 001 0 eng |
| 010 ## - LIBRARY OF CONGRESS CONTROL NUMBER | |
| LC control number | 91022168 |
| 020 ## - INTERNATIONAL STANDARD BOOK NUMBER | |
| International Standard Book Number | 0521405319 (hardback) |
| 020 ## - INTERNATIONAL STANDARD BOOK NUMBER | |
| International Standard Book Number | 0521405785 (paperback) |
| 040 ## - CATALOGING SOURCE | |
| Original cataloging agency | DLC |
| Transcribing agency | DLC |
| Modifying agency | DLC |
| 050 00 - LIBRARY OF CONGRESS CALL NUMBER | |
| Classification number | JX1954 |
| Item number | .G68 1992 |
| 082 00 - DEWEY DECIMAL CLASSIFICATION NUMBER | |
| Classification number | 341.2 |
| Edition number | 22 |
| Item number | GOV |
| 245 00 - TITLE STATEMENT | |
| Title | Governance without Government : |
| Remainder of title | order and change in world politics / |
| Statement of responsibility, etc | Edited by James N. Rosenau and Ernst-Otto Czempiel. |
| 260 ## - PUBLICATION, DISTRIBUTION, ETC. (IMPRINT) | |
| Place of publication, distribution, etc | Cambridge [England] ; |
| -- | New York : |
| Name of publisher, distributor, etc | Cambridge University Press, |
| Date of publication, distribution, etc | 1992. |
| 300 ## - PHYSICAL DESCRIPTION | |
| Extent | xii, 311 p. ; |
| Dimensions | 24 cm. |
| 490 ## - Series Statement | |
| Series statement | Cambridge Studies in International Relations ; |
| Volume/sequential designation | 20 |
| -- | 14578 |
| 504 ## - BIBLIOGRAPHY, ETC. NOTE | |
| Bibliography, etc | Includes bibliographical references and index. |
| 650 #0 - SUBJECT ADDED ENTRY--TOPICAL TERM | |
| Topical term or geographic name as entry element | International organization. |
| 9 (RLIN) | 14574 |
| 650 #0 - SUBJECT ADDED ENTRY--TOPICAL TERM | |
| Topical term or geographic name as entry element | International relations. |
| 9 (RLIN) | 14575 |
| 700 1# - ADDED ENTRY--PERSONAL NAME | |
| Personal name | Rosenau, James N. |
| 9 (RLIN) | 14576 |
| 700 1# - ADDED ENTRY--PERSONAL NAME | |
| Personal name | Czempiel, Ernst Otto, |
| Dates associated with a name | 1927- |
| 9 (RLIN) | 14577 |
| 856 42 - ELECTRONIC LOCATION AND ACCESS | |
| Materials specified | Publisher description |
| Uniform Resource Identifier | <a href="http://www.loc.gov/catdir/description/cam024/91022168.html">http://www.loc.gov/catdir/description/cam024/91022168.html</a> |
| 856 41 - ELECTRONIC LOCATION AND ACCESS | |
| Materials specified | Table of contents |
| Uniform Resource Identifier | <a href="http://www.loc.gov/catdir/toc/cam022/91022168.html">http://www.loc.gov/catdir/toc/cam022/91022168.html</a> |
| 942 ## - ADDED ENTRY ELEMENTS (KOHA) | |
| Source of classification or shelving scheme | Dewey Decimal Classification |
| Item type | Book - Borrowing |
| Withdrawn status | Item status | Source of classification or shelving scheme | Damaged status | Not for loan | Vendor | Home library | Current library | Shelving location | Date acquired | Source of acquisition | Cost, normal purchase price | Serial Enumeration / chronology | Total Checkouts | Total Renewals | Full call number | Barcode | Date last seen | Date last borrowed | Koha item type |
|---|---|---|---|---|---|---|---|---|---|---|---|---|---|---|---|---|---|---|---|
| Dewey Decimal Classification | Baccah | Central Library | Central Library | First floor | 03/06/2010 | 188.00 | 10351 | 2 | 2 | 341.2 GOV | 000020982 | 15/07/2025 | 01/02/2017 | Book - Borrowing |